Porovnanie ekonomických opatrení Slovenskej republiky a Českej republiky v súvislosti s pandémiou COVID-19 bakalárska práca

Na minha lista:
Detalhes bibliográficos
Autor principal: Galková, Soňa
Autor Corporativo: Obchodná fakulta EU. Katedra medzinárodného obchodu
Outros Autores: Hlušková, Tatiana, 1987-
Formato: Livro
Idioma:eslovaco
Publicado em: Bratislava 2021
Tags: Adicionar Tag
Sem tags, seja o primeiro a adicionar uma tag!

MARC

LEADER 00000nbm a2200000 4500
001 0276060
005 20220209124045.8
041 0 |a slo 
044 |a SK 
245 1 0 |a Porovnanie ekonomických opatrení Slovenskej republiky a Českej republiky v súvislosti s pandémiou COVID-19  |b bakalárska práca  |c Soňa Galková ; školiteľ: Tatiana Hlušková 
264 1 |a Bratislava  |c 2021 
300 |a 58 s. 
100 1 |a Galková, Soňa 
700 1 |a Hlušková, Tatiana, 1987- 
710 2 |a Obchodná fakulta EU. Katedra medzinárodného obchodu